| 000 | 01042nam a2200325 i 4500 | ||
|---|---|---|---|
| 003 | EG-GICUC | ||
| 005 | 20260511124230.0 | ||
| 008 | 260511s1960 fr ||||f |||| 00| 0 fre d | ||
| 040 |
_a EG-GICUC _c EG-GICUC _d EG-GICUC _erda |
||
| 041 | _afre | ||
| 043 | _afr# | ||
| 082 | 0 | 4 |
_221 _a342.0493 _bMA.P |
| 092 | 0 | 4 |
_221 _a342.0493 _bMA.P |
| 099 | _aLaw1 08 342.0493 MA.P 1960 | ||
| 100 | 0 |
_aMast , André. _eAuthor. |
|
| 245 |
_ales Pays du benelux / _c par André Mast. |
||
| 264 |
_aParis : _bLibraire généerale de droit et de jurisprudence , _c1960. |
||
| 300 |
_a635 page ; _c24 CM. |
||
| 336 |
_2rda content _atext |
||
| 337 |
_2rda media _aComputer |
||
| 338 |
_2rda carrier _aOnline Resource |
||
| 490 |
_3comment ils sont gouvernés _vTom IV |
||
| 650 | 1 |
_aDroit constitutionnel _2qrmak _zBelgique |
|
| 650 | 1 |
_aDroit constitutionnel _zHollande |
|
| 650 | 1 |
_aDroit constitutionnel _zLuxembourg |
|
| 651 | 1 | _2qrmak | |
| 856 | 4 | 0 | _uhttps://fll.law.cu.edu.eg/fulltext/bks/B08-05451.pdf |
| 905 | _a58 | ||
| 942 |
_2ddc _cBK _e21 _n0 |
||
| 999 |
_c76558 _d76558 |
||